000 00641nam a2200145Ia 4500
008 100204s9999 xx 000 0 und d
082 _b2271
100 _aगाडगीळ गंगाधर
245 _aबाबांचं कलिंगड आणि मुलीचा स्वेटर
260 _b"इंद्र्रायणी साहित्य , पुणे"
_c1979
300 _a192
630 _aबाबांचं कलिंगड आणि मुलीचा स्वेटर
730 _aबाबांचं कलिंगड आणि मुलीचा स्वेटर
942 _cBOOK
999 _c447373
_d447370